101 American customs : Understanding American language and culture through common practices

Introduction to American culture. American social life and customs. Provide an understanding of American language and culture through American words and actions in the workplace, places of worship, and recreation.

שמור ב:
מידע ביבליוגרפי
מחבר ראשי: Collis, Harry
מחברים אחרים: Kohl, Joe (Người vẽ tranh minh họa)
פורמט: ספר
שפה:Vietnamese
יצא לאור: Lincolnwood Passport Books 1999
נושאים:
תגים: הוספת תג
אין תגיות, היה/י הראשונ/ה לתייג את הרשומה!
Thư viện lưu trữ: Thư viện Trường Đại học Nam Cần Thơ
LEADER 00993nam a22002057a 4500
001 NCT_145128
008 230325b xxu||||| |||| 00| 0 vie d
999 |c 7475  |d 7475 
020 |a 0844224073 
082 0 4 |2 23rd ed.  |a 306.440973  |b C713 
100 1 |a Collis, Harry 
245 1 0 |a 101 American customs :  |b Understanding American language and culture through common practices  |c Harry Collis ; Joe Kohl (ill) 
260 |a Lincolnwood  |b Passport Books  |c 1999 
300 |a ix, 124 p.  |b ill.  |c 23cm 
520 3 |a Introduction to American culture. American social life and customs. Provide an understanding of American language and culture through American words and actions in the workplace, places of worship, and recreation. 
653 |a Cơ bản 
700 1 |a Kohl, Joe  |e ill 
942 |2 ddc  |c BK 
952 |0 0  |1 0  |2 ddc  |4 0  |6 306_440973000000000_C713  |7 0  |9 26866  |a 000001  |b 000001  |d 2023-03-25  |o 306.440973 C713  |p MD.21279  |r 2023-03-25  |w 2023-03-25  |y BK 
980 |a Thư viện Trường Đại học Nam Cần Thơ